"A" Capitals - World Map Sudden Death - Statistics

General Stats
  • This quiz has been taken 301 times
  • The average score is 6 of 9
Answers on the Grid
Answers color-coded by a green-red scale on the quiz's grid according to % correct below.
 
Answer Stats
Answer % Correct
Algiers, Andorra la Vella, Athens
87%
Ashgabat, Abu Dhabi, Ankara, Amman
87%
Accra, Abuja
69%
Asuncion
66%
Addis Ababa, Asmara
63%
Antananarivo
58%
Amsterdam
52%
Apia
43%
Astana
37%
No matching quizzes found
Score Distribution
Percent of People with Each Score
Percentile by Number Answered
Your Score History
You have not taken this quiz